Score 0/25 Timer 01:30
0 Plays Today
% Correct
Therefore
66.7%
Father
66.7%
and
66.7%
Spirit.
66.7%
go
62.7%
of
62.7%
the
62.7%
of
60.8%
all
60.8%
the
60.8%
disciples
56.9%
Son
56.9%
Holy
56.9%
% Correct
make
54.9%
baptizing
54.9%
them
54.9%
in
54.9%
and
54.9%
of
54.9%
nations,
52.9%
the
52.9%
name
52.9%
of
51%
and
49%
the
47.1%
Remove Ads.
Support Sporcle.
Get the best of Sporcle when you Go Orange. This ad-free experience offers more features, more stats, and more fun while also helping to support Sporcle. Thank you for becoming a member.

You're not logged in!

Compare scores with friends on all Sporcle quizzes.
OR
Log In

Sporcle TV

Today on Sporcle TV


Watch our educational content, quiz creation guides, and fun videos on Sporcle TV.

Show Comments

Extras

Top Quizzes Today


Score Distribution

Paid Content

Your Account Isn't Verified!

In order to create a playlist on Sporcle, you need to verify the email address you used during registration. Go to your Sporcle Settings to finish the process.

Report this User

Report this user for behavior that violates our Community Guidelines.

Details: